<?xml version="1.0" encoding="UTF-8"?>
<record
    xmlns:xsi="http://www.w3.org/2001/XMLSchema-instance"
    xsi:schemaLocation="http://www.loc.gov/MARC21/slim http://www.loc.gov/standards/marcxml/schema/MARC21slim.xsd"
    xmlns="http://www.loc.gov/MARC21/slim">

  <leader>01037nam a22002297a 4500</leader>
  <controlfield tag="005">20211111103508.0</controlfield>
  <controlfield tag="008">211023b           ||||| |||| 00| 0 eng d</controlfield>
  <datafield tag="040" ind1=" " ind2=" ">
    <subfield code="c">AL</subfield>
  </datafield>
  <datafield tag="041" ind1=" " ind2=" ">
    <subfield code="a">kan</subfield>
  </datafield>
  <datafield tag="082" ind1=" " ind2=" ">
    <subfield code="2">23</subfield>
    <subfield code="a">306.8K</subfield>
    <subfield code="b">PADN</subfield>
  </datafield>
  <datafield tag="100" ind1=" " ind2=" ">
    <subfield code="a">Padma Venoor: &#xCAA;&#xCA6;&#xCCD;&#xCAE;&#xCBE; &#xCB5;&#xCC7;&#xCA3;&#xCC2;&#xCB0;&#xCC1; </subfield>
    <subfield code="9">1613</subfield>
  </datafield>
  <datafield tag="245" ind1=" " ind2=" ">
    <subfield code="a">Nelada Nade: Tulunadina matramooliya shodhada nelegalu</subfield>
    <subfield code="b"> &#xCA8;&#xCC6;&#xCB2;&#xCA6; &#xCA8;&#xCA1;&#xCC6;: &#xCA4;&#xCC1;&#xCB3;&#xCC1;&#xCA8;&#xCBE;&#xCA1;&#xCBF;&#xCA8; &#xCAE;&#xCBE;&#xCA4;&#xCCD;&#xCB0;&#xCAE;&#xCC2;&#xCB2;&#xCC0;&#xCAF; &#xCB6;&#xCCB;&#xCA7;&#xCA6; &#xCA8;&#xCC6;&#xCB2;&#xCC6;&#xC97;&#xCB3;&#xCC1;</subfield>
  </datafield>
  <datafield tag="260" ind1=" " ind2=" ">
    <subfield code="a">Udupi</subfield>
    <subfield code="b">Samagra Gramina Ashaya</subfield>
    <subfield code="c">2020</subfield>
  </datafield>
  <datafield tag="300" ind1=" " ind2=" ">
    <subfield code="a">147p.</subfield>
    <subfield code="b">PB</subfield>
    <subfield code="c">21x14 cm.</subfield>
  </datafield>
  <datafield tag="365" ind1=" " ind2=" ">
    <subfield code="a">042</subfield>
    <subfield code="b">128.00</subfield>
    <subfield code="c">&#x20B9;</subfield>
    <subfield code="d">150.00</subfield>
    <subfield code="e">15%</subfield>
    <subfield code="f">11-10-2021</subfield>
  </datafield>
  <datafield tag="520" ind1=" " ind2=" ">
    <subfield code="a">&#xCA4;&#xCC1;&#xCB3;&#xCC1;&#xCA8;&#xCBE;&#xCA1;&#xCBF;&#xCA8; &#xCAE;&#xCBE;&#xCA4;&#xCC3; &#xCAE;&#xCC2;&#xCB2;&#xCC0;&#xCAF;&#xCBE; &#xCB6;&#xCCB;&#xCA7;&#xCA6;  &#xCA8;&#xCC6;&#xCB2;&#xCC6;&#xC97;&#xCB3;&#xCC1; </subfield>
  </datafield>
  <datafield tag="650" ind1=" " ind2=" ">
    <subfield code="a">Culture: &#xCB8;&#xC82;&#xCB8;&#xCCD;&#xC95;&#xCCD;&#xCB0;&#xCA4;&#xCBF; </subfield>
    <subfield code="9">1614</subfield>
  </datafield>
  <datafield tag="650" ind1=" " ind2=" ">
    <subfield code="a">Research Papers: &#xCB8;&#xC82;&#xCB6;&#xCCB;&#xCA7;&#xCA8;&#xCBE;  &#xCB2;&#xCC7;&#xC96;&#xCA8;&#xC97;&#xCB3;&#xCC1;  </subfield>
    <subfield code="9">1615</subfield>
  </datafield>
  <datafield tag="650" ind1=" " ind2=" ">
    <subfield code="a">Tulunadu: &#xCA4;&#xCC1;&#xCB3;&#xCC1;&#xCA8;&#xCBE;&#xCA1;&#xCC1;</subfield>
    <subfield code="9">1616</subfield>
  </datafield>
  <datafield tag="700" ind1=" " ind2=" ">
    <subfield code="a">VENOOR (Padma): &#xCB5;&#xCC7;&#xCA3;&#xCC2;&#xCB0;&#xCC1; ( &#xCAA;&#xCA6;&#xCCD;&#xCAE;&#xCBE;)</subfield>
    <subfield code="9">1617</subfield>
  </datafield>
  <datafield tag="942" ind1=" " ind2=" ">
    <subfield code="2">ddc</subfield>
    <subfield code="c">BK</subfield>
  </datafield>
  <datafield tag="999" ind1=" " ind2=" ">
    <subfield code="c">216660</subfield>
    <subfield code="d">216660</subfield>
  </datafield>
  <datafield tag="952" ind1=" " ind2=" ">
    <subfield code="0">0</subfield>
    <subfield code="1">0</subfield>
    <subfield code="2">ddc</subfield>
    <subfield code="4">0</subfield>
    <subfield code="7">0</subfield>
    <subfield code="8">KAN</subfield>
    <subfield code="a">AL</subfield>
    <subfield code="b">AL</subfield>
    <subfield code="d">2021-10-21</subfield>
    <subfield code="e">Aakrithi Ashaya Publications, Mangaluru-575001</subfield>
    <subfield code="g">127.50</subfield>
    <subfield code="l">0</subfield>
    <subfield code="o">306.8K PADN</subfield>
    <subfield code="p">075056</subfield>
    <subfield code="r">2021-10-23 00:00:00</subfield>
    <subfield code="v">150.00</subfield>
    <subfield code="w">2021-10-23</subfield>
    <subfield code="y">BK</subfield>
  </datafield>
</record>
